[Event "Hoogeveen Essent op"]
[Site "Hoogeveen"]
[Date "2006.10.27"]
[Round "8"]
[White "Bednar, Jaromir"]
[Black "Giddins, Stephen"]
[Result "1-0"]
[WhiteElo "2369"]
[BlackElo "2197"]
[PlyCount "61"]
[EventDate "2006.10.21"]
[EventType "swiss"]
[EventRounds "9"]
[EventCountry "NED"]
[SourceTitle "EXT 2007"]
[Source "ChessBase"]
[SourceDate "2006.11.23"]
[SourceVersion "1"]
[SourceVersionDate "2006.11.23"]
[SourceQuality "1"]

1. e4 Nc6 2. Nf3 d6 3. Bc4 Nf6 4. d3 e6 5. Qe2 Be7 6. c3 Na5 7. Bb5+ Bd7 8. d4 Bxb5 9. Qxb5+ c6 10. Qe2 d5 11. e5 Nd7 12. 0-0 0-0 13. Nbd2 b6 14. Re1 c5 15. Nf1 Nc6 16. Bf4 Qc7 17. h4 Qb7 18. Ne3 b5 19. Ng4 b4 20. Qe3 bxc3 21. bxc3 cxd4 22. cxd4 Nb4 23. Rab1 Qa6 24. Red1 Rfc8 25. Bh6 gxh6 26. Qxh6 Qxa2 27. Nf6+ Nxf6 28. exf6 Bf8 29. Qg5+ Kh8 30. Rxb4 Rc7 31. Rdb1 1-0

[Event "Hoogeveen Essent op"]
[Site "Hoogeveen"]
[Date "2006.10.23"]
[Round "4"]
[White "Kulago, Alexander"]
[Black "Giddins, Stephen"]
[Result "1/2-1/2"]
[WhiteElo "2114"]
[BlackElo "2197"]
[PlyCount "32"]
[EventDate "2006.10.21"]
[EventType "swiss"]
[EventRounds "9"]
[EventCountry "NED"]
[SourceTitle "EXT 2007"]
[Source "ChessBase"]
[SourceDate "2006.11.23"]
[SourceVersion "1"]
[SourceVersionDate "2006.11.23"]
[SourceQuality "1"]

1. Nf3 Nf6 2. c4 b6 3. g3 c5 4. Nc3 Bb7 5. Bg2 e6 6. 0-0 a6 7. d4 cxd4 8. Qxd4 d6 9. e4 Nbd7 10. Rd1 Qc7 11. b3 Be7 12. Ba3 Nc5 13. e5 dxe5 14. Qxe5 Rc8 15. Qxc7 Rxc7 16. Bc1 Nfe4 1/2-1/2

[Event "Hoogeveen Essent op"]
[Site "Hoogeveen"]
[Date "2006.10.22"]
[Round "3"]
[White "Giddins, Stephen"]
[Black "Woudt, Edwin"]
[Result "1/2-1/2"]
[WhiteElo "2197"]
[BlackElo "2072"]
[PlyCount "30"]
[EventDate "2006.10.21"]
[EventType "swiss"]
[EventRounds "9"]
[EventCountry "NED"]
[SourceTitle "EXT 2007"]
[Source "ChessBase"]
[SourceDate "2006.11.23"]
[SourceVersion "1"]
[SourceVersionDate "2006.11.23"]
[SourceQuality "1"]

1. Nf3 Nf6 2. c4 c5 3. Nc3 Nc6 4. g3 e6 5. Bg2 d5 6. cxd5 Nxd5 7. 0-0 Be7 8. Nxd5 exd5 9. d4 0-0 10. dxc5 Bxc5 11. Bg5 Qb6 12. Qxd5 Be6 13. Qe4 Rfe8 14. a3 Bb3 15. Qg4 Rxe2 1/2-1/2

[Event "Hoogeveen Essent op"]
[Site "Hoogeveen"]
[Date "2005.10.27"]
[Round "7"]
[White "Clemens, Adrian HP"]
[Black "Giddins, Stephen"]
[Result "1-0"]
[WhiteElo "2272"]
[BlackElo "2200"]
[PlyCount "39"]
[EventDate "2005.10.21"]
[EventType "swiss"]
[EventRounds "9"]
[EventCountry "NED"]
[SourceTitle "EXT 2006"]
[Source "ChessBase"]
[SourceDate "2005.11.24"]
[SourceVersion "1"]
[SourceVersionDate "2005.11.24"]
[SourceQuality "1"]

1. d4 d5 2. c4 dxc4 3. Nf3 Nf6 4. e3 e6 5. Bxc4 c5 6. Qe2 a6 7. dxc5 Bxc5 8. 0-0 Nc6 9. e4 Nd4 10. Nxd4 Qxd4 11. Be3 Qe5 12. Bxc5 Qxc5 13. Nd2 b5 14. Bd3 Bb7 15. Rac1 Qb6 16. e5 Nd7 17. a4 Nc5 18. a5 Qa7 19. Bxb5+ axb5 20. Qxb5+ 1-0

[Event "Amsterdam ACT op 2nd"]
[Site "Amsterdam"]
[Date "2005.07.17"]
[Round "2"]
[White "Giddins, Stephen"]
[Black "Schmitz, H."]
[Result "1/2-1/2"]
[WhiteElo "2204"]
[BlackElo "2306"]
[PlyCount "21"]
[EventDate "2005.07.16"]
[EventType "swiss"]
[EventRounds "9"]
[EventCountry "NED"]
[SourceTitle "CBM 107 Extra"]
[Source "ChessBase"]
[SourceDate "2005.09.01"]
[SourceVersion "1"]
[SourceVersionDate "2005.09.01"]
[SourceQuality "1"]

1. Nf3 g6 2. c4 Bg7 3. Nc3 d6 4. d4 c6 5. e4 Na6 6. Be2 Nc7 7. 0-0 Nh6 8. h3 0-0 9. Be3 f5 10. Qd2 Nf7 11. exf5 1/2-1/2

[Event "Amsterdam ACT op 2nd"]
[Site "Amsterdam"]
[Date "2005.07.16"]
[Round "1"]
[White "Van Delft, Merijn"]
[Black "Giddins, Stephen"]
[Result "1-0"]
[WhiteElo "2369"]
[BlackElo "2204"]
[PlyCount "53"]
[EventDate "2005.07.16"]
[EventType "swiss"]
[EventRounds "9"]
[EventCountry "NED"]
[SourceTitle "CBM 107 Extra"]
[Source "ChessBase"]
[SourceDate "2005.09.01"]
[SourceVersion "1"]
[SourceVersionDate "2005.09.01"]
[SourceQuality "1"]

1. e4 g6 2. d4 Bg7 3. Nc3 d6 4. Be3 a6 5. f4 b5 6. Bd3 Bb7 7. Nf3 Nd7 8. e5 c5 9. Be4 Qc8 10. Qd3 b4 11. Bxb7 Qxb7 12. Qe4 Rb8 13. Qxb7 Rxb7 14. Ne4 cxd4 15. Bxd4 dxe5 16. fxe5 Nf8 17. Nc5 Rb6 18. a3 bxa3 19. Rxa3 Ne6 20. Nxe6 Rxe6 21. Kd2 Nh6 22. Rha1 Nf5 23. c3 0-0 24. Rxa6 Rxa6 25. Rxa6 Nxd4 26. cxd4 Rb8 27. Kc3 1-0

[Event "Corus 4-B"]
[Site "Wijk aan Zee"]
[Date "2005.??.??"]
[Round "8"]
[White "Giddins, Stephen"]
[Black "Erdogdu, Mert"]
[Result "0-1"]
[WhiteElo "2195"]
[BlackElo "2400"]
[PlyCount "72"]
[EventDate "2005.01.15"]
[EventType "tourn"]
[EventRounds "9"]
[EventCountry "NED"]
[EventCategory "1"]
[SourceTitle "EXT 2007"]
[Source "ChessBase"]
[SourceDate "2006.11.23"]
[SourceVersion "1"]
[SourceVersionDate "2006.11.23"]
[SourceQuality "1"]

1. e4 e5 2. Nf3 Nc6 3. Bb5 a6 4. Bxc6 dxc6 5. 0-0 Qd6 6. Na3 b5 7. c4 Bg4 8. Qb3 Rd8 9. Rd1 Qf6 10. Nc2 Bc5 11. d4 Bxf3 12. Qxf3 Qxf3 13. gxf3 Bxd4 14. Nxd4 exd4 15. Bf4 Rd7 16. Be5 f5 17. Rxd4 Rxd4 18. Bxd4 Nf6 19. a4 Kd7 20. axb5 axb5 21. exf5 Rf8 22. Bc5 Re8 23. Rd1+ Kc8 24. cxb5 cxb5 25. Kg2 Re5 26. b4 Rxf5 27. Re1 Nd5 28. Re4 Kd7 29. Kg3 g6 30. f4 Rf7 31. Rd4 Kc6 32. Re4 Nf6 33. Rd4 Nd7 34. Ba7 Kb7 35. Bc5 Nxc5 36. bxc5 Kc6 0-1

[Event "Hoogeveen Essent op"]
[Site "Hoogeveen"]
[Date "2004.10.18"]
[Round "4"]
[White "Van der Veen, Jan"]
[Black "Giddins, Stephen"]
[Result "1/2-1/2"]
[WhiteElo "2122"]
[BlackElo "2248"]
[PlyCount "36"]
[EventDate "2004.10.15"]
[EventType "swiss"]
[EventRounds "9"]
[EventCountry "NED"]
[SourceTitle "CBM 102 Extra"]
[Source "ChessBase"]
[SourceDate "2004.11.03"]
[SourceVersion "1"]
[SourceVersionDate "2004.11.03"]
[SourceQuality "1"]

1. e4 g6 2. d4 Bg7 3. Nc3 d6 4. g3 Nc6 5. Be3 e5 6. dxe5 Nxe5 7. f4 Nc6 8. Bg2 Nf6 9. h3 0-0 10. Qd2 Re8 11. Nge2 Bd7 12. 0-0 Rb8 13. g4 h5 14. g5 Nh7 15. Rad1 Qc8 16. Kh2 Be6 17. Nd4 Bc4 18. Rf2 f6 1/2-1/2

[Event "Hoogeveen Essent op"]
[Site "Hoogeveen"]
[Date "2003.10.15"]
[Round "6"]
[White "Williams, Simon Kim"]
[Black "Giddins, Stephen"]
[Result "1-0"]
[WhiteElo "2380"]
[BlackElo "2237"]
[PlyCount "91"]
[EventDate "2003.10.10"]
[EventType "swiss"]
[EventRounds "9"]
[EventCountry "NED"]
[SourceTitle "CBM 096 Extra"]
[Source "ChessBase"]
[SourceDate "2003.10.22"]
[SourceVersion "2"]
[SourceVersionDate "2003.10.20"]
[SourceQuality "1"]

1. d4 g6 2. c4 Bg7 3. Nc3 Nf6 4. e4 d6 5. Nf3 0-0 6. Be2 e5 7. Be3 Ng4 8. Bg5 f6 9. Bc1 Nc6 10. d5 Ne7 11. h3 Nh6 12. h4 Nf7 13. h5 g5 14. Rg1 g4 15. Nh4 f5 16. exf5 Nxf5 17. Nxf5 Bxf5 18. Bxg4 Nh6 19. Bxh6 Bxh6 20. Bxf5 Rxf5 21. Qg4+ Qg5 22. Qxg5+ Bxg5 23. Ne4 Be7 24. Rh1 Kf7 25. Ke2 c6 26. a4 Ke8 27. g4 Rf4 28. f3 Kd7 29. Rhd1 cxd5 30. Rxd5 Ke6 31. Rad1 Rc8 32. b3 Rc6 33. Rb5 Rc7 34. a5 Rf8 35. Ra1 Rf4 36. a6 b6 37. Rd5 Rf8 38. Rad1 Rc6 39. R1d3 Rf4 40. Nc3 Rf7 41. Nb5 Bf8 42. Re3 Rc5 43. Red3 Rxd5 44. cxd5+ Kf6 45. Rc3 Rd7 46. Rc7 1-0

[Event "Hoogeveen Essent op"]
[Site "Hoogeveen"]
[Date "2003.10.14"]
[Round "5"]
[White "Giddins, Stephen"]
[Black "Grigoriants, Sergey"]
[Result "0-1"]
[WhiteElo "2237"]
[BlackElo "2525"]
[PlyCount "64"]
[EventDate "2003.10.10"]
[EventType "swiss"]
[EventRounds "9"]
[EventCountry "NED"]
[SourceTitle "CBM 096 Extra"]
[Source "ChessBase"]
[SourceDate "2003.10.22"]
[SourceVersion "2"]
[SourceVersionDate "2003.10.20"]
[SourceQuality "1"]

1. Nf3 Nf6 2. c4 b6 3. g3 c5 4. Bg2 Bb7 5. 0-0 e6 6. Nc3 Be7 7. Re1 0-0 8. e4 d6 9. d4 cxd4 10. Nxd4 Qc7 11. Ndb5 Qc6 12. Nd4 Qc7 13. Ndb5 Qc6 14. Nd4 Qc8 15. Be3 Nc6 16. f4 Nxd4 17. Bxd4 e5 18. Be3 Qxc4 19. Rc1 Qe6 20. Nd5 Bd8 21. Qa4 Nxd5 22. exd5 Qe8 23. Qa3 Qd7 24. Rc2 h5 25. Rec1 Re8 26. Bf3 h4 27. gxh4 exf4 28. Bxf4 Qf5 29. Qxd6 Be7 30. Qc7 Rac8 31. Qxb7 Rxc2 32. Rxc2 Qxc2 0-1

[Event "Hoogeveen Essent op"]
[Site "Hoogeveen"]
[Date "2003.10.10"]
[Round "1"]
[White "Giddins, Stephen"]
[Black "Izoria, Zviad"]
[Result "0-1"]
[WhiteElo "2237"]
[BlackElo "2546"]
[PlyCount "66"]
[EventDate "2003.10.10"]
[EventType "swiss"]
[EventRounds "9"]
[EventCountry "NED"]
[SourceTitle "CBM 096 Extra"]
[Source "ChessBase"]
[SourceDate "2003.10.22"]
[SourceVersion "2"]
[SourceVersionDate "2003.10.20"]
[SourceQuality "1"]

1. Nf3 d5 2. d4 Nf6 3. c4 e6 4. Nc3 Bb4 5. e3 0-0 6. Bd3 c5 7. 0-0 cxd4 8. exd4 dxc4 9. Bxc4 Nbd7 10. Bg5 Bxc3 11. bxc3 Qc7 12. Bd3 b6 13. c4 Bb7 14. Bh4 Be4 15. Rc1 Rac8 16. Re1 Bxd3 17. Qxd3 Qb7 18. a4 Rfe8 19. Qb3 Ne4 20. a5 Nd6 21. axb6 axb6 22. Bg3 Nf5 23. Bf4 h6 24. h3 Red8 25. c5 Ne7 26. Rxe6 Qd5 27. Re3 bxc5 28. dxc5 Nxc5 29. Qa3 Ng6 30. Be5 Ne4 31. Rxc8 Rxc8 32. Rd3 Qb5 33. Bg3 Qb1+ 0-1

[Event "Gibraltar Masters"]
[Site "Catalan Bay"]
[Date "2003.02.04"]
[Round "8"]
[White "Ledger, Stephen C"]
[Black "Giddins, Stephen"]
[Result "1/2-1/2"]
[WhiteElo "2172"]
[BlackElo "2242"]
[PlyCount "36"]
[EventDate "2003.01.28"]
[EventType "swiss"]
[EventRounds "10"]
[EventCountry "ENG"]
[SourceTitle "CBM 092 Extra"]
[Source "ChessBase"]
[SourceDate "2003.03.07"]
[SourceVersion "1"]
[SourceVersionDate "2003.03.07"]
[SourceQuality "1"]

1. d4 Nf6 2. Nf3 e6 3. Bf4 c5 4. c3 Nc6 5. e3 d5 6. Nbd2 Bd6 7. Bg3 0-0 8. Bd3 Qe7 9. Ne5 Nd7 10. f4 f6 11. Nxc6 bxc6 12. 0-0 e5 13. fxe5 fxe5 14. Rxf8+ Nxf8 15. dxe5 Bxe5 16. Bxe5 Qxe5 17. e4 Be6 18. Nf3 Qf4 1/2-1/2

[Event "Gibraltar Masters"]
[Site "Catalan Bay"]
[Date "2003.02.02"]
[Round "6"]
[White "Giddins, Stephen"]
[Black "Ledger, Andrew"]
[Result "0-1"]
[WhiteElo "2242"]
[BlackElo "2397"]
[PlyCount "66"]
[EventDate "2003.01.28"]
[EventType "swiss"]
[EventRounds "10"]
[EventCountry "ENG"]
[SourceTitle "CBM 092 Extra"]
[Source "ChessBase"]
[SourceDate "2003.03.07"]
[SourceVersion "1"]
[SourceVersionDate "2003.03.07"]
[SourceQuality "1"]

1. Nf3 Nf6 2. c4 c5 3. Nc3 d5 4. cxd5 Nxd5 5. g3 Nc6 6. Bg2 g6 7. 0-0 Bg7 8. Nxd5 Qxd5 9. d3 Qd6 10. Bf4 e5 11. Be3 0-0 12. Nd2 b6 13. a3 Bb7 14. Nc4 Qe7 15. Rb1 Rfd8 16. b4 cxb4 17. axb4 Nd4 18. Bxd4 Rxd4 19. Qb3 Bxg2 20. Kxg2 e4 21. b5 Rad8 22. Rbd1 h5 23. Kg1 exd3 24. exd3 Qd7 25. Rfe1 Rd5 26. Re4 Rxb5 27. Qa2 Rd5 28. Rde1 Rxd3 29. Re7 Qd5 30. Rxa7 Rd1 31. Rxd1 Qxd1+ 32. Kg2 Qd5+ 33. Kg1 Bd4 0-1

[Event "Lost Boys op"]
[Site "Amsterdam"]
[Date "2002.07.31"]
[Round "6"]
[White "Giddins, Stephen"]
[Black "Spaan, Tigran"]
[Result "0-1"]
[WhiteElo "2249"]
[BlackElo "2311"]
[PlyCount "90"]
[EventDate "2002.07.26"]
[EventType "swiss"]
[EventRounds "9"]
[EventCountry "NED"]
[SourceTitle "CBM 089 Extra"]
[Source "ChessBase"]
[SourceDate "2002.09.10"]
[SourceVersion "2"]
[SourceVersionDate "2002.09.10"]
[SourceQuality "1"]

1. Nf3 Nf6 2. c4 g6 3. Nc3 Bg7 4. e4 0-0 5. d4 d6 6. Be2 e5 7. 0-0 Nc6 8. d5 Ne7 9. Ne1 Nd7 10. Nd3 f5 11. Bd2 Nf6 12. f3 Kh8 13. b4 Neg8 14. c5 Bh6 15. a4 Bxd2 16. Qxd2 f4 17. a5 a6 18. cxd6 cxd6 19. Na4 Bd7 20. Nb6 Rb8 21. Nxd7 Qxd7 22. Rfc1 g5 23. Ra3 g4 24. Rac3 Qg7 25. Rc7 Qg6 26. Nf2 g3 27. Nh3 Nh6 28. hxg3 Rg8 29. g4 Nf7 30. Qe1 Ne8 31. Rc8 Rxc8 32. Rxc8 Qf6 33. b5 h5 34. gxh5 Qe7 35. bxa6 bxa6 36. Rc6 Rg3 37. Bxa6 Qh4 38. Qe2 Qxh3 39. Rc8 Ng5 40. Rxe8+ Kg7 41. Qf2 Qd7 42. Bb5 Qc7 43. Kh2 Qf7 44. h6+ Kh7 45. Qb6 Nxf3+ 0-1

[Event "Lost Boys op"]
[Site "Amsterdam"]
[Date "2002.07.30"]
[Round "5"]
[White "Strating, Sybolt"]
[Black "Giddins, Stephen"]
[Result "1/2-1/2"]
[WhiteElo "2341"]
[BlackElo "2249"]
[PlyCount "44"]
[EventDate "2002.07.26"]
[EventType "swiss"]
[EventRounds "9"]
[EventCountry "NED"]
[SourceTitle "CBM 089 Extra"]
[Source "ChessBase"]
[SourceDate "2002.09.10"]
[SourceVersion "2"]
[SourceVersionDate "2002.09.10"]
[SourceQuality "1"]

1. d4 d6 2. c4 e5 3. Nf3 e4 4. Ng5 f5 5. g3 Nf6 6. Bg2 c6 7. Nc3 Be7 8. f3 d5 9. Nh3 Be6 10. Nf4 Bf7 11. fxe4 dxe4 12. b3 b5 13. cxb5 cxb5 14. 0-0 Qb6 15. Nh3 g6 16. e3 0-0 17. Bd2 Nc6 18. Nf2 Nb4 19. g4 Nbd5 20. Nxd5 Nxd5 21. Nh3 Be6 22. Nf4 Nxf4 1/2-1/2

[Event "Troll Masters"]
[Site "Gausdal"]
[Date "2002.01.09"]
[Round "7"]
[White "Adnoy, Hallvard Voll"]
[Black "Giddins, Stephen"]
[Result "1-0"]
[WhiteElo "2178"]
[BlackElo "2285"]
[PlyCount "55"]
[EventDate "2002.01.04"]
[EventType "swiss"]
[EventRounds "9"]
[EventCountry "NOR"]
[SourceTitle "CBM 086 Extra"]
[Source "ChessBase"]
[SourceDate "2002.03.14"]
[SourceVersion "1"]
[SourceVersionDate "2002.03.14"]
[SourceQuality "1"]

1. e4 e6 2. d4 d5 3. Nc3 Bb4 4. e5 c5 5. dxc5 Ne7 6. Bd2 Nbc6 7. Nf3 Bxc5 8. Bd3 Ng6 9. Qe2 Nd4 10. Nxd4 Bxd4 11. Nb5 Bc5 12. b4 Be7 13. 0-0 0-0 14. Nd4 Bd7 15. c3 a5 16. b5 Qb6 17. a4 Rac8 18. Kh1 Bc5 19. Nb3 f5 20. f4 Qd8 21. c4 dxc4 22. Bxc4 Bb6 23. Rad1 Qe7 24. Nxa5 Ra8 25. Qe1 Rfc8 26. Bb3 Be8 27. Nc4 Bc5 28. Be3 1-0

[Event "Lost Boys op"]
[Site "Amsterdam"]
[Date "2001.08.12"]
[Round "3"]
[White "Giddins, Stephen"]
[Black "Van der Hoeven, Gert Jan"]
[Result "1/2-1/2"]
[WhiteElo "2286"]
[BlackElo "2356"]
[PlyCount "25"]
[EventDate "2001.08.10"]
[EventType "swiss"]
[EventRounds "9"]
[EventCountry "NED"]
[SourceTitle "CBM 083 Extra"]
[Source "ChessBase"]
[SourceDate "2001.09.11"]
[SourceVersion "1"]
[SourceVersionDate "2001.09.11"]
[SourceQuality "1"]

1. Nf3 g6 2. e4 Bg7 3. d4 d6 4. c3 Nf6 5. Bd3 0-0 6. 0-0 Nc6 7. Nbd2 e5 8. dxe5 dxe5 9. Nc4 Nh5 10. b4 a6 11. Bg5 Bf6 12. Bh6 Re8 13. Ne3 1/2-1/2

[Event "Lost Boys op"]
[Site "Amsterdam"]
[Date "2001.08.11"]
[Round "2"]
[White "Dutreeuw, Marc"]
[Black "Giddins, Stephen"]
[Result "1/2-1/2"]
[WhiteElo "2390"]
[BlackElo "2286"]
[PlyCount "41"]
[EventDate "2001.08.10"]
[EventType "swiss"]
[EventRounds "9"]
[EventCountry "NED"]
[SourceTitle "CBM 083 Extra"]
[Source "ChessBase"]
[SourceDate "2001.09.11"]
[SourceVersion "1"]
[SourceVersionDate "2001.09.11"]
[SourceQuality "1"]

1. e4 e5 2. Nf3 Nc6 3. Bb5 a6 4. Ba4 Nf6 5. 0-0 Be7 6. Re1 b5 7. Bb3 d6 8. c3 0-0 9. h3 Na5 10. Bc2 c5 11. d4 Qc7 12. Nbd2 cxd4 13. cxd4 Nc6 14. d5 Nb4 15. Bb1 a5 16. Nf1 Bd7 17. a3 Na6 18. Be3 Nc5 19. Ng3 Rfc8 20. Bc2 a4 21. Qd2 1/2-1/2